000 00812cam a22002771 4500
001 5132
003 BD-RjUL
005 20211208234021.0
008 770108s1963 xx 001 0 eng
035 _a(BD-RjUL)5168
035 _a(OCoLC)2667884
040 _aDLC
_cO
_dUk
_dDLC
_beng
041 _aeng
082 _a362.61
_bSHO 1963
100 1 _aShaw, Patricia Helen Simpson.
_916161
245 1 0 _aOld people in homes :
_ba handbook for matrons /
_cWith illus. by Audrey Besterman.
260 _aLondon ;
_bFaber and Faber,
_c1963.
300 _a173 p.
_billus.
_c19 cm.
500 _a"Books and publications for further reading": p. 159-160.
520 _aIncludes index
526 _bSociology
650 0 _aOld age homes.
_916162
942 _2ddc
_cBK
999 _c5132
_d5132